| 000 | 00506nam a2200157Ia 4500 | ||
|---|---|---|---|
| 008 | 100204s9999 xx 000 0 und d | ||
| 082 | _b23405 | ||
| 100 | _aकर्नाड गिरिश | ||
| 245 | _aहयवदन | ||
| 260 |
_b"पॉप्युलर प्रकाशन , मुंबई" _c1998 2 |
||
| 300 | _a97 | ||
| 630 | _aहयवदन | ||
| 700 | _aखानोलकर चिंतामणी त्र्यंबक | ||
| 730 | _aहयवदन | ||
| 942 | _cBOOK | ||
| 999 |
_c468515 _d468512 |
||